000 00865nam a22002777a 4500
001 BR7575101
003 BR-BrBNA
005 20230928084849.0
007 ta
008 230509b bl.||||| |||| 00| 0 por d
040 _aBR-BrBNA
_bpor
_cBiblioteca Nacional de Agricultura
041 _a(Por)
072 _aF00; F10
_b/G514
090 _ F00 BR7575101
110 1 _aPrograma de Investimentos Integrados para o Setor Agropecuario do Rio Grande do Sul, Porto Alegre (Brasil)
_97968
245 1 _aEstudos basicos, zoneamento agricola [Clima; Manejo do solo; Culturas; Brasil]
_bv. 2
260 3 _aPorto Alegre, RS (Brasil):
_c1975.
300 _a303 p.
500 _a68 tables
650 _aZONEAMENTO AGRICOLA
650 _aCLIMA
650 _aZONEAMENTO CLIMATICO
650 _aRIO GRANDE DO SUL
909 _a202309
_bLucia
_c55
_dLucia Elande
942 _cBK
999 _c21536
_d21536